00632nam a2200193Ia 450000500170000000800410001702000180005804000180007604100080009408200230010210000210012524501170014625000120026326000720027530000310034765000120037865000240039070000240041420230123102601.0210716s2017 xx 000 0 und d a9789352134977 cAIMIT LIBRARY aeng a005.1321 21bWICH aWickham, Hadley. aR for data science: bimpact tidy transform visualize and model data /cBy Hadley Wickham and Garrett Grolemund. a1st ed. aNew Delhi :bShroff Publications and Distributers Pvt Ltd ,c2017. axxiv,492p. ;bPBc22.6 cm. aR Book. aR for Data Science. aGrolemund, Garrett.